MARC details
| 000 -CABECERA |
| campo de control de longitud fija |
03166nam a2200289 a 4500 |
| 001 - NÚMERO DE CONTROL |
| campo de control |
000048823 |
| 003 - IDENTIFICADOR DEL NÚMERO DE CONTROL |
| campo de control |
DO-SdBNP |
| 005 - FECHA Y HORA DE LA ÚLTIMA TRANSACCIÓN |
| campo de control |
20211013085316.0 |
| 007 - CAMPO FIJO DE DESCRIPCIÓN FÍSICA--INFORMACIÓN GENERAL |
| campo de control de longitud fija |
ta |
| 008 - DATOS DE LONGITUD FIJA--INFORMACIÓN GENERAL |
| campo de control de longitud fija |
190415s2016 dr ac 000 m spa d |
| 040 ## - FUENTE DE LA CATALOGACIÓN |
| Centro catalogador/agencia de origen |
DO-SdBNP |
| Lengua de catalogación |
spa |
| Centro/agencia transcriptor |
BNPHU |
| 082 #4 - NÚMERO DE LA CLASIFICACIÓN DECIMAL DEWEY |
| Número de clasificación |
BNPHU 374 |
| Número de documento/Ítem |
R426d |
| 110 1# - ENTRADA PRINCIPAL--NOMBRE DE ENTIDAD CORPORATIVA |
| Nombre de entidad corporativa o nombre de jurisdicción como elemento de entrada |
República Dominicana. |
| Unidad subordinada |
Ministerio de Educación. Viceministerio de Servicios Técnicos y Pedagógicos. Subsistema de Educación de Jóvenes y Adultos |
| 9 (RLIN) |
76280 |
| 245 10 - MENCIÓN DE TÍTULO |
| Título |
Diseño curricular del nivel básico : |
| Resto del título |
segundo ciclo. Versión preliminar / |
| Mención de responsabilidad, etc. |
edición Miriam Camilo Recio, Julia Bayona Mendoza |
| 260 ## - PUBLICACIÓN, DISTRIBUCIÓN, ETC. |
| Lugar de publicación, distribución, etc. |
Santo Domingo |
| -- |
Ministerio de Educación, |
| Fecha de publicación, distribución, etc. |
2016. |
| 300 ## - DESCRIPCIÓN FÍSICA |
| Extensión |
179 p. : |
| Otras características físicas |
il., mapas, retrs. ; |
| Dimensiones |
27 cm. |
| 505 0# - NOTA DE CONTENIDO CON FORMATO |
| Nota de contenido con formato |
primera parte |
| Título |
Procesos de revisión y actualización curricular de la educación para personas jóvenes y adultas -- Antecedes -- Referencias Nacionales -- Referencias Internacionales |
| -- |
Subsistema de Educación de Jóvenes y Adultos en la República Dominicana -- Fundamentos jurídicos y estructura del Subsistema -- Naturaleza y funciones de la Educación Básica de Personas Jóvenes y Adultas (EDPJA) -- Estructura de la Educación EDBJA -- Perfil de egreso del Nivel Básico -- |
| -- |
Contexto de la educación para personas jóvenes y adultas -- Educación y contexto social -- Características de la población joven y adulta que ingresa a la EDPJA -- |
| -- |
Construcción de un currículo flexible y de calidad -- Concepto Curriculum -- Fundamentos -- Criterios -- |
| -- |
Modelo flexible para la educación de personas jóvenes y adultas y estrategia nacional de desarrollo -- Justificación y orientaciones del modelo flexible -- Propósitos del modelo -- Características del modelo -- |
| -- |
Componentes del modelo educativo para personas jóvenes y adultas -- El currículo de la Educación de Personas y Jóvenes y Adultas -- El Sistema Nacional de Evaluación y Acreditación de Aprendizajes -- El Sistema de Gestión de la Educación de Personas Jóvenes y Adultas -- Formación y capacitación de docentes educadores -- Medios y recursos para el aprendizaje -- |
| 505 0# - NOTA DE CONTENIDO CON FORMATO |
| Nota de contenido con formato |
Segunda parte |
| Título |
Competencias fundamentales y específicas del currículo de la educación básica de personas jóvenes y adultas -- Competencias fundamentales -- Competencias específicas -- El proceso de alfabetización en la educación básica de personas jóvenes y adultas -- La Lengua Española/alfabetización en la Educación de Persona Jóvenes y Adultas -- Las Matemáticas en la Educación de Personas Jóvenes y Adultas -- Las Ciencias Sociales en la Educación de Personas Jóvenes y Adultas -- Las Ciencias de la Naturaleza en la Educación de Personas Jóvenes y Adultas -- Malla curricular del segundo ciclo -- Módulos del Segundo Ciclo -- Descripción del formato de malla curricular -- Competencias, contenidos e indicadores de logro (Malla Curricular) -- |
| 590 ## - NOTA LOCAL (RLIN) |
| Nota local |
Inventariado, 2019/LP |
| 650 14 - PUNTO DE ACCESO ADICIONAL DE MATERIA--TÉRMINO DE MATERIA |
| Término de materia o nombre geográfico como elemento de entrada |
Educación de adultos |
| 9 (RLIN) |
1419 |
| 650 14 - PUNTO DE ACCESO ADICIONAL DE MATERIA--TÉRMINO DE MATERIA |
| Término de materia o nombre geográfico como elemento de entrada |
Diseño curricular |
| 9 (RLIN) |
78412 |
| 650 14 - PUNTO DE ACCESO ADICIONAL DE MATERIA--TÉRMINO DE MATERIA |
| Término de materia o nombre geográfico como elemento de entrada |
Currículo |
| 9 (RLIN) |
35953 |
| 700 1# - PUNTO DE ACCESO ADICIONAL--NOMBRE DE PERSONA |
| Nombre de persona |
Bayona Mendoza, Julia, |
| Término indicativo de función/relación |
ed. |
| 9 (RLIN) |
76281 |
| 700 1# - PUNTO DE ACCESO ADICIONAL--NOMBRE DE PERSONA |
| Nombre de persona |
Camilo Recio, Miriam, |
| Término indicativo de función/relación |
ed. |
| 9 (RLIN) |
37246 |
| 910 ## - DATOS DE OPCIÓN DEL USUARIO (OCLC) |
| Datos de opción del usuario |
L/P |
| 942 ## - ELEMENTOS DE PUNTO DE ACCESO ADICIONAL (KOHA) |
| Fuente del sistema de clasificación o colocación |
Dewey Decimal Classification |
| Tipo de ítem Koha |
Libro |